最大風速ランキング - Statistics

General Stats
  • This quiz has been taken 20 times
  • The average score is 5 of 20
Answer Stats
順位 都道府県 地点 観測値 % Correct
2 高知県 室戸岬 69.8 西南西 1965年9月10日
79%
11 沖縄県 那覇 49.5 東北東 1949年6月20日
63%
1 静岡県 富士山 72.5 西南西 1942年4月5日
58%
7 沖縄県 与那国島 54.6 南東 2015年9月28日
47%
8 沖縄県 石垣島 53.0 南東 1977年7月31日
47%
3 沖縄県 宮古島 60.8 北東 1966年9月5日
42%
16 千葉県 銚子 48.0 南南東 1948年9月16日
37%
5 滋賀県 伊吹山 56.7 南南東 1961年9月16日
32%
9 鹿児島県 屋久島 50.2 東北東 1964年9月24日
21%
14 静岡県 石廊崎 48.8 1959年8月14日
21%
4 長崎県 雲仙岳 60.0 東南東 1942年8月27日
16%
6 徳島県 剣山 55.0 2001年1月7日
16%
10 北海道 後志地方 寿都 49.8 南南東 1952年4月15日
16%
17 大阪府 関空島 46.5 南南西 2018年9月4日
16%
19 愛知県 伊良湖 45.4 1959年9月26日
16%
18 長崎県 野母崎 46 南東 2006年9月17日
11%
13 沖縄県 志多阿原 48.9 南南東 2010年9月19日
5%
15 沖縄県 北原 48.1 南東 2016年10月4日
5%
12 沖縄県 下地島 49 北西 2003年9月11日
0%
20 沖縄県 盛山 44.9 南西 2015年8月23日
0%
No matching quizzes found
Score Distribution
Percent of People with Each Score
Percentile by Number Answered
Your Score History
You have not taken this quiz